| 000 | 01821nam a2200385 c 4500 | ||
|---|---|---|---|
| 003 | BLK | ||
| 005 | 20201120134021.0 | ||
| 008 | 180409b bul|||||r ||||||| ||bul|| | ||
| 010 | _aKNG00133781000 | ||
| 020 |
_a978-954-92717-1-3 _bиздат.: Агромедия |
||
| 040 | _aBLK | ||
| 041 |
_aBUL _cBUL |
||
| 072 | 7 |
_2bullib _aН63 _xСелско стопанство Н |
|
| 080 |
_aГрадински декоративни растения. Вж и 712 _b635.92 _x(035) _z635.92(035) |
||
| 100 | 1 |
_aВитанова, Гели _eпърви автор _9321031 |
|
| 139 |
_aСемепроизводство на едногодишни цветни култури _bС 32 |
||
| 245 | 1 | 0 |
_aСемепроизводство на едногодишни цветни култури _cГели Витанова. |
| 257 | _aBGR | ||
| 260 |
_аСофия _bАгромедия _c2011 _fСофия : Алианс Принт |
||
| 300 |
_a152 с., 4 л. _bцв. ил. _c23 см |
||
| 380 | _a63 | ||
| 500 | _aДруги авт.: Сергей Бистричанов, Андрей Канински, Иванка Иванова, Славка Лукипудис. - Съдържа: Кратък речник на използваните термини и символи в селекцията. - Библиогр. с. 152. | ||
| 650 | 4 |
_aЦветя - семепроизводство _9317425 |
|
| 650 | 4 |
_aЦветарство - наръчници и ръководства _9242105 |
|
| 653 | _aцветя | ||
| 653 | _aцветарство | ||
| 653 | _aсемепроизводство | ||
| 653 | _aнаръчници | ||
| 659 | _aН | ||
| 852 | _aЦб 256272 | ||
| 856 | 4 |
_qpdf _u |
|
| 856 | 4 |
_qpdf _u |
|
| 942 |
_cKNG _n0 _02 |
||
| 944 |
_aCR _c19.09.2012 _lф / _kМилена_Ачева |
||
| 944 |
_aED _c05.04.2017 _lф / _kЛюдмила_Стоянова |
||
| 999 |
_c128062 _d128062 |
||